000 004560000a22001690004500
003 MACL
005 20160107130516.0
008 160107b xxu||||| |||| 00| 0 eng d
040 _aMACL
_cMACL
041 _aEnglish
082 _a900/CHU
100 _aChurchill, Winston S
_921314
245 _aThe Second World War
_bVolume 5 The Hinge of Fate
260 _bCassell And Company Ltd
_c1951
_aLondon
650 _aHistory
_929202
942 _cBK
_k900/CHU
_2ddc
999 _c35282
_d35282